R.E.M. Albums Sudden Death - Statistics

General Stats
  • This quiz has been taken 38 times
  • The average score is 10 of 15
Answers on the Grid
Answers color-coded by a green-red scale on the quiz's grid according to % correct below.
Green Grow The Rushes
Murmur
Collapse Into Now
Up
Exploding Head
Losing My Religion
Monster
Automatic For The People
Katie Bar The Door
Andy, Did You Hear About This One?
Document
Sugarcane, Cinnamon
Radio Free Europe
Reveal
Leaving New York
Fables Of The Reconstruction
Reckoning
Georgia On My Mind
Remember Every Moment
Around The Sun
Everybody Hurts
Green
Lifes Rich Pageant
It's The End Of The World As I Know It (And I Feel Fine)
JMS
New Adventures In Hi-Fi
Country Feedback
This Film Is On
Accelerate
Out Of Time
Exhuming McCarthy
Shiny Happy People
 
Answer Stats
Answer % Correct
Automatic For The People
94%
Monster
88%
Murmur
84%
Document
78%
Green
75%
Out Of Time
75%
Up
72%
Fables Of The Reconstruction
69%
Lifes Rich Pageant
66%
Reckoning
66%
Reveal
59%
Accelerate
56%
Around The Sun
56%
New Adventures In Hi-Fi
56%
Collapse Into Now
53%
No matching quizzes found
Score Distribution
Percent of People with Each Score
Percentile by Number Answered
Your Score History
You have not taken this quiz